Länder mit nur einer Grenze - Statistiken

Allgemein
  • Dieses Quiz wurde 130 mal gespielt
    5 seit der letzten Aktualisierung
  • Das Durchschnittsergebnis liegt bei 14 aus 17
Antwortstatistiken
Antwort % Korrekt
Gambia
100%
Kanada
100%
Portugal
100%
San Marino
100%
Vatikanstadt
100%
Brunei
75%
Dominikanische Republik
75%
Haiti
75%
Irland
75%
Katar
75%
Lesotho
75%
Osttimor
75%
Papua-Neuguinea
75%
Südkorea
75%
Vereinigtes Königreich
75%
Dänemark
50%
Monaco
50%
Keine übereinstimmenden Quizze gefunden
Verteilung der Resultate
Anzahl Personen mit jedem Resultat
Perzentil nach korrekt beantworteten Fragen
Ihre Resultats-Entwicklung
Sie haben dieses Quiz seit der letzten Aktualisierung nicht gespielt